Missing Word: 'Mother' Songs Quiz Stats

 Plays Quiz Updated Oct 19, 2016

Challenge
Share
Tweet
Embed
Score 0/24 Timer 03:00
2 Plays Today
Song Missing % Correct
I ___ Mommy Kissing Santa ClausSaw
96.1%
Mama, I'm Coming ___Home
87.5%
I'll Always ___ My MamaLove
82.4%
Mama and Daddy Broke My ___Heart
77.2%
___ Mudduh ___ FadduhHello
66.7%
Mama Can't ___ You LoveBuy
65.7%
Mother's Little ___Helper
64.4%
Does Your Mother ___Know
63.9%
Mama Said ___ You OutKnock
59.8%
I ____ It From My MamaGot
57.7%
Mother & Child ___Reunion
56.5%
She's a ___ Mama JamaBad
48.9%
Song Missing % Correct
Mother Nature's ___Son
48.5%
Future ___ MamaBaby
43.1%
Mama's ____ HeartBroken
40.4%
A ___ for MamaSong
38.5%
___ Loved MamaPapa
37.3%
___ MomStacy's
33.2%
___ MamaDear
24.3%
___ MamaHey
23.8%
___ Your Mother DownTie
22.7%
Mama He's ___ Crazy
20.1%
Mama ___Kin
12.8%
Your Mama Should Have ____ You WhiskeyNamed
11.4%

Today's Daily Dose

You're not logged in!

Compare scores with friends on all Sporcle quizzes.
OR
Log In

You Might Also Like...

Show Comments

Extras

Top Quizzes Today


Score Distribution

Your Account Isn't Verified!

In order to create a playlist on Sporcle, you need to verify the email address you used during registration. Go to your Sporcle Settings to finish the process.

Report this User

Report this user for behavior that violates our Community Guidelines.

Details: